|
|
|
|
| LEADER |
01090nam a2200265 a 4500 |
| 001 |
11958823 |
| 008 |
000330s2001 enka b 001 0 eng d |
| 010 |
|
|
|a 00038256
|
| 020 |
|
|
|a 0415208300
|
| 020 |
|
|
|a 0415208319 (pbk.)
|
| 040 |
|
|
|a DLC
|c DLC
|d DLC
|
| 082 |
0 |
0 |
|a 658.4/08
|2 21
|
| 100 |
1 |
|
|a Blair, A. M.
|q (Alasdair McMillan),
|d 1950-
|
| 245 |
1 |
0 |
|a Environment and business /
|c Alasdair Blair and David Hitchcock.
|
| 260 |
|
|
|a London ;
|a New York :
|b Routledge ,
|c 2001.
|
| 300 |
|
|
|a xviii, 326 p. :
|b ill. ;
|c 24 cm.
|
| 490 |
1 |
|
|a Routledge introductions to environment series
|
| 504 |
|
|
|a Includes bibliographical references (p. [298]-318) and index.
|
| 541 |
1 |
|
|e 00010410
|
| 650 |
|
0 |
|a Industrial management
|x Environmental aspects.
|
| 650 |
|
0 |
|a Environmental policy.
|
| 700 |
1 |
|
|a Hitchcock, David.
|
| 852 |
4 |
|
|a Ayesha Abed Library
|j General Shelf.
|
| 999 |
|
|
|c 1620
|d 1620
|
| 952 |
|
|
|0 0
|1 0
|2 ddc
|4 0
|6 658_408000000000000_BLA
|7 0
|9 1487
|a BRACUL
|b BRACUL
|c GEN
|d 2009-06-28
|g 0.00
|l 3
|m 17
|o 658.408 BLA
|p 3010010410
|r 2018-08-29
|s 2018-08-05
|t 1
|w 2009-06-28
|y BK
|x No price found in the accession register.
|